JR東日本のみどりの窓口がある駅サドンデス② - Statistics

General Stats
  • This quiz has been taken 311 times
  • The average score is 5 of 50
Answers on the Grid
Answers color-coded by a green-red scale on the quiz's grid according to % correct below.
会津川口
会津坂下
明科
赤湯
鰺ヶ沢
あつみ温泉
愛子
新屋(秋田)
荒屋新町
飯山
石越
石巻
岩切
岩手飯岡
羽後本荘
内野
浦佐
越後湯沢
追分(秋田)
大石田
大河原(宮城)
大館
大更
岡谷
小千谷
小野新町
角館
柏崎
蟹田
釜石
上諏訪
亀田
加茂(新潟)
川中島
北仙台
北山形
気仙沼
小出
小海
小牛田
五所川原
寒河江
酒田
坂町
佐久平
雫石
信濃大町
信濃松川
新発田
下北
白河
白石蔵王
紫波中央
須賀川
関屋(新潟)
瀬峰
高城町
多賀城
高畠
田沢湖
茅野
槻木
燕三条
鶴岡
天童
十日町
遠野
戸狩野沢温泉
豊栄
豊科
十和田南
中込
長町
名取
鳴子温泉
新津
二本松
白馬
原ノ町
東塩釜
東能代
平泉
深浦
富士見
ほっとゆだ
本八戸
松島
南小谷
南仙台
南松本
六日町
陸奥横浜
村上(新潟)
茂市
矢本
湯沢
横手
吉田(新潟)
 
Answer Stats
Answer % Correct
石巻
38%
会津坂下
19%
あつみ温泉
16%
鶴岡
16%
柏崎
15%
鰺ヶ沢
14%
釜石
14%
新屋(秋田)
12%
岩手飯岡
12%
角館
12%
新発田
12%
本八戸
12%
小千谷
11%
北山形
11%
佐久平
11%
大石田
10%
気仙沼
10%
寒河江
10%
白河
10%
ほっとゆだ
10%
横手
10%
紫波中央
9%
村上(新潟)
9%
大更
8%
蟹田
8%
川中島
8%
北仙台
8%
坂町
8%
8%
雫石
8%
信濃松川
8%
須賀川
8%
瀬峰
8%
遠野
8%
戸狩野沢温泉
8%
名取
8%
8%
南小谷
8%
亀田
7%
十日町
7%
平泉
7%
下北
6%
長町
6%
六日町
6%
岩切
5%
多賀城
5%
豊栄
5%
富士見
5%
南松本
5%
矢本
4%
No matching quizzes found
Score Distribution
Percent of People with Each Score
Percentile by Number Answered
Your Score History
You have not taken this quiz